000 00630nam a2200205Ia 4500
003 GCL
008 140319s9999 xx 000 0 ara d
040 _aGCL /
_cGCL
082 0 4 _a811.009
_bم ا
100 1 _aمحمد شاهين الجوهرى(مترجم)
245 1 0 _aاليوت: واثره على عبدالصبور والسياب /
_cمحمد شاهين الجوهرى(مترجم)
300 _a108
490 _a100 قصة
_v0
650 0 4 _aالشعر العربى
650 0 4 _aاليوت
650 0 4 _aبدر شاكر
650 0 4 _aصلاح عبدالصبور
650 0 4 _aتاريخ ونقد
942 _2ddc
_cBK
999 _c43649
_d43649